000 00740nam a2200253 a 4500
001 BRL_973
005 20190320210957.0
008 301013s1961----mx-#######---#000-1#spa-#
041 _aspa
044 _amx
050 4 _aPQ7297.A98
_b.L67 1961
100 1 _aAzuela, Mariano
_d1873-1952
_925477
245 1 0 _aLos de Abajo
_bNovela de la Revolución Mexicana
_cMariano Azuela.
250 _a2a ed.
260 _aMéxico
_bFondo de Cultura Económica
_c1961
300 _a140 p.
_c17 cm.
440 0 _aColección popular
_v13
_925478
500 _aAu1101
650 1 4 _anovela mexicana
_925151
650 1 4 _aNovela histórica
_zMéxico
_925479
651 4 _aMéxico
_vNovela
_yRevolución, 1910-1920
_925480
902 _aGRL
942 _2lcc
_cB
999 _c9785
_d9785